Biology / (Record no. 9127)

MARC details
000 -LEADER
fixed length control field 00913cam a22002774a 4500
001 - CONTROL NUMBER
control field 14567331
003 - CONTROL NUMBER IDENTIFIER
control field OSt
005 - DATE AND TIME OF LATEST TRANSACTION
control field 20211004155352.0
008 - FIXED-LENGTH DATA ELEMENTS--GENERAL INFORMATION
fixed length control field 060925s2008 mauab 001 0 eng
010 ## - LIBRARY OF CONGRESS CONTROL NUMBER
LC control number 2006051688
020 ## - INTERNATIONAL STANDARD BOOK NUMBER
International Standard Book Number 9780072956207
020 ## - INTERNATIONAL STANDARD BOOK NUMBER
International Standard Book Number 0072956208
040 ## - CATALOGING SOURCE
Original cataloging agency DLC
Transcribing agency HU
050 00 - LIBRARY OF CONGRESS CALL NUMBER
Classification number QH308.2
Item number .B564445 2008
082 00 - DEWEY DECIMAL CLASSIFICATION NUMBER
Classification number 570/BRO
100 ## - MAIN ENTRY--PERSONAL NAME
Personal name J.BROOKER
Fuller form of name ROBERT J.BROOKER
9 (RLIN) 7823
245 00 - TITLE STATEMENT
Title Biology /
Statement of responsibility, etc. Robert J. Brooker ... [et al.].
260 ## - PUBLICATION, DISTRIBUTION, ETC.
Place of publication, distribution, etc. Boston :
Name of publisher, distributor, etc. McGraw-Hill Higher Education,
Date of publication, distribution, etc. c2008.
300 ## - PHYSICAL DESCRIPTION
Extent xxxii, 1300 [92] p. :
Other physical details ill. (chiefly col.), maps ;
Dimensions 28 cm.
500 ## - GENERAL NOTE
General note Includes index.
650 #0 - SUBJECT ADDED ENTRY--TOPICAL TERM
Topical term or geographic name entry element Biology
Form subdivision Textbooks.
9 (RLIN) 7824
700 1# - ADDED ENTRY--PERSONAL NAME
Personal name Brooker, Robert J.
9 (RLIN) 5270
906 ## - LOCAL DATA ELEMENT F, LDF (RLIN)
a 7
b cbc
c orignew
d 1
e ocip
f 20
g y-gencatlg
942 ## - ADDED ENTRY ELEMENTS (KOHA)
Source of classification or shelving scheme Dewey Decimal Classification
Koha item type Books like text book referance book
Suppress in OPAC No
Holdings
Withdrawn status Lost status Source of classification or shelving scheme Damaged status Not for loan Home library Current library Shelving location Date acquired Total Checkouts Full call number Barcode Date last seen Copy number Price effective from Koha item type
    Dewey Decimal Classification     Natural & Computational Science Library Natural & Computational Science Library General Stacks 10/04/2021   570/BRO NSCLIB000016366 10/04/2021 1 10/04/2021 Books like text book referance book